| 000 | 01295cam a22003737a 4500 | ||
|---|---|---|---|
| 003 | CHAP | ||
| 005 | 20220329141328.0 | ||
| 008 | 971013s1986 r 00010 d | ||
| 010 | _a66476 | ||
| 011 | _a67448 | ||
| 035 | _a76918 | ||
| 040 | _cCHAP | ||
| 082 |
_a582.15 _bL8 |
||
| 100 | 0 | 0 |
_aLuxmoore, Robert J. _969221 |
| 245 | 0 |
_aCoupling of carbon, water and nutrient interactions in woody plant soil systems _b: proceedings of a symposium... |
|
| 260 |
_aVictoria, Canada : _bHeron, _c1986 |
||
| 300 |
_a467 p. _b: ilus. ; gráfs. |
||
| 490 | 0 |
_aTree physiology _v; 2 |
|
| 590 |
_aBATCH-UPD _b10 _c20130110 _lUCH01 _h0215 |
||
| 590 |
_aBATCH-UPD _b10 _c20130110 _lUCH01 _h0756 |
||
| 590 |
_aBATCH-UPD _b10 _c20130409 _lUCH01 _h2233 |
||
| 590 |
_aBATCH-UPD _b10 _c20130914 _lUCH01 _h0842 |
||
| 590 |
_aCONVERSION _b10 _c20130109 _lUCH01 _h1337 |
||
| 650 | 1 | 4 |
_aÁrboles _xFisiologia y morfologia. _96599 |
| 650 | 1 | 4 |
_aCarbón _xAsimilación. _918838 |
| 650 | 1 | 4 |
_aPlantas leñosas. _989018 |
| 650 | 1 | 4 |
_aSuelos y cultivos. _9110571 |
| 700 | 0 |
_aKaufmann, Merrill. _962824 |
|
| 700 | 0 |
_aLandsberg, Joseph. _964711 |
|
| 830 | 0 |
_aTree physiology _v; 2 _9114733 |
|
| 901 | _aBK | ||
| 942 | _cLIBRO | ||
| 949 |
_a582.15 L8 _bBC _cLIBRO _d33724000453031 _eLIBRO _gI.138593 _h72122 _i76918 _mDirecto _si _t102.91 |
||
| 999 |
_c66476 _d66476 |
||